| 000 | 00469pab a2200169 454500 | ||
|---|---|---|---|
| 008 | 180718b2008 xxu||||| |||| 00| 0 eng d | ||
| 100 | _aAgadjanian, Victor | ||
| 245 | _aTalking about the "epidemic of the millennium": religion, informal communication, and HIV/AIDS in Sub-Saharan Africa | ||
| 260 | _c2008 | ||
| 300 | _ap.301-21. | ||
| 362 | _aAug | ||
| 650 | _aAIDS | ||
| 700 | _aMenjivar, Cecilia | ||
| 773 | _aSocial Problems | ||
| 908 | _aN | ||
| 909 | _a79496 | ||
| 999 |
_c79496 _d79496 |
||